000 00496nam a2200181Ia 4500
008 230718s9999 xx 000 0 und d
020 _a9780195687057
041 _aeng
082 _a621.36
_bYAR
100 _aYariv A.
245 _aPhotonics
_bOptical Electronics In Modern Communications
250 _a6th ed.
260 _c2012
_bOxford
300 _a836
365 _cRs.
_b675.00
700 _aYariv A. & Yeh P.
_9189969
906 _dO:0360903-Jan-2014B:362821-Oct-2013
_cME INS
_b337.5
999 _c334143
_d334143